000 00565 am a2200205 a 4500
001 152823
003 OSt
005 20220216172331.0
008 60317 ###
020 _a9780199657049
082 _a531.11
_bN72I
100 1 _aNolte, David D.
245 1 _aIntroduction to modern dynamics : chaos, networks, space and time
_cby David D. Nolte
260 _aOxford
_bOxford University Press
_c2015
300 _a423p.
653 _aPhysics
653 _aDynamics; Motion
653 _aChaotic behavior in systems
942 _2ddc
_cBK
999 _c15578
_d15578